|
|
|
|
| LEADER |
01227nam a2200313 a 4500 |
| 001 |
12760848 |
| 008 |
100209s2003 mauab b 001 0 eng d |
| 010 |
|
|
|a \\2002067637
|
| 020 |
|
|
|a 0763715867 (alk. paper)
|
| 040 |
|
|
|a DLC
|c DLC
|d DLC
|d BD-DhAAL
|
| 082 |
0 |
0 |
|a 363.8
|2 21
|
| 100 |
1 |
|
|a Chrispeels, Maarten J.,
|d 1938-
|
| 245 |
1 |
0 |
|a Plants, genes, and crop biotechnology /
|c Maarten J. Chrispeels & David E. Sadava.
|
| 250 |
|
|
|a 2nd ed.
|
| 260 |
|
|
|a Boston :
|b Jones and Bartlett Publisher,
|c c2003.
|
| 300 |
|
|
|a xxiv, 562 p. :
|b col. ill., col. maps ;
|c 28 cm.
|
| 500 |
|
|
|a Rev. ed. of: Plants, genes, and agriculture. 1994.
|
| 504 |
|
|
|a Includes bibliographical references and index.
|
| 541 |
1 |
|
|e 00016268
|
| 650 |
|
0 |
|a Crops
|x Genetic engineering.
|
| 650 |
|
0 |
|a Plant breeding.
|
| 650 |
|
0 |
|a Plant biotechnology.
|
| 650 |
|
0 |
|a Crop improvement.
|
| 650 |
|
0 |
|a Food supply.
|
| 700 |
1 |
|
|a Sadava, David E.
|
| 700 |
1 |
|
|a Chrispeels, Maarten J.,
|d 1938-
|t Plants, genes, and agriculture.
|
| 852 |
4 |
|
|a Ayesha Abed Library
|j General Shelf
|
| 999 |
|
|
|c 7400
|d 7400
|
| 952 |
|
|
|0 0
|1 0
|2 ddc
|4 0
|6 363_800000000000000_CRI_2003
|7 0
|9 7912
|a BRACUL
|b BRACUL
|c GEN
|d 2010-02-09
|l 3
|m 10
|o 363.8 CRI
|p 3010016268
|r 2024-12-06
|s 2024-11-10
|t 1
|w 2010-02-09
|y BK
|